[Event "Elit(Solna-Farsta)"]
[Site "?"]
[Date "2011.02.26"]
[Round "8"]
[White "Livner, Anders"]
[Black "Callergard, Robert"]
[Result "1-0"]
[WhiteElo "2402"]
[BlackElo "2284"]
[PlyCount "99"]
[SourceDate "2011.03.02"]

1. d4 Nf6 2. c4 e6 3. Nc3 Bb4 4. Qc2 O-O 5. a3 Bxc3+ 6. Qxc3 Qe8 7. g3 d6 8.
Bg2 Nc6 9. Bg5 e5 10. Bxf6 gxf6 11. Nf3 Bg4 12. d5 Bxf3 13. Bxf3 Nd4 14. Be4 f5
15. Bg2 Qa4 16. Rc1 b5 17. Qd3 Nb3 18. Rc3 Nc5 19. Qxf5 b4 20. Qg5+ Kh8 21.
Qf6+ Kg8 22. Qg5+ Kh8 23. Qf6+ Kg8 24. Re3 bxa3 25. Qg5+ Kh8 26. Qf6+ Kg8 27.
bxa3 Qa5+ 28. Kf1 Qd2 29. Be4 Qc1+ 30. Kg2 Qxc4 31. Qg5+ Kh8 32. Qf6+ Kg8 33.
f3 Rfe8 34. Rd1 Rab8 35. Bf5 Rb2 36. Kf2 Rb3 37. Bxh7+ Kxh7 38. Qxf7+ Kh6 39.
Qf6+ Kh7 40. Qf7+ Kh6 41. Qxe8 Rxe3 42. Qh8+ Kg6 43. Qg8+ Kh6 44. Kxe3 Qc3+ 45.
Kf2 Qc2 46. Ke1 Qc3+ 47. Kf1 a5 48. h4 Qxa3 49. h5 Kxh5 50. Kg2 1-0

[Event "Elit(Solna-Farsta)"]
[Site "?"]
[Date "2011.02.26"]
[Round "8"]
[White "Lindberg, Bengt"]
[Black "Hjelm, Niclas"]
[Result "0-1"]
[WhiteElo "2434"]
[BlackElo "2376"]
[PlyCount "86"]

1. e4 e5 2. Nf3 Nc6 3. Bb5 Nf6 4. d3 Bc5 5. O-O Nd4 6. Nxd4 Bxd4 7. c3 Bb6 8.
Nd2 c6 9. Ba4 d6 10. Nc4 Bc7 11. Ne3 O-O 12. Qf3 g6 13. h3 Kg7 14. Bb3 Qe7 15.
Bd2 Bd7 16. Kh2 d5 17. Rg1 h5 18. Kh1 dxe4 19. dxe4 Bg4 20. Nxg4 hxg4 21. Qe2
Rh8 22. Bg5 gxh3 23. g4 a5 24. a4 Rad8 25. Rg3 Rd6 26. Rf3 Qd7 27. Rg1 h2 28.
Rg2 Bd8 29. Bc1 Rf8 30. Rh3 Rh8 31. Rxh8 Kxh8 32. Rxh2+ Kg8 33. f3 Nh7 34. Qf1
Ng5 35. Bc2 Bf6 36. Qe2 Ne6 37. Kg1 Bg5 38. Bxg5 Nxg5 39. Qe3 Qd8 40. Kh1 Ne6
41. Qh6 Rd1+ 42. Kg2 Nf4+ 43. Kg3 Rg1+ 0-1

[Event "Elit(Solna-Farsta)"]
[Site "?"]
[Date "2011.02.26"]
[Round "8"]
[White "Backelin, Rikard"]
[Black "Couso, Luis"]
[Result "1-0"]
[WhiteElo "2446"]
[BlackElo "2258"]
[PlyCount "79"]

1. e4 c5 2. Nf3 d6 3. c3 Nf6 4. h3 Nbd7 5. Bd3 Qc7 6. O-O c4 7. Bc2 e6 8. Qe2
b6 9. Re1 Ba6 10. Na3 Be7 11. Qe3 O-O 12. b3 b5 13. Nd4 Rab8 14. b4 g6 15. Bb2
e5 16. Nf3 Rfe8 17. d3 d5 18. exd5 Nxd5 19. Qd2 Nf4 20. dxc4 bxc4 21. Qe3 Bf6
22. Rad1 Nb6 23. Nd2 Nbd5 24. Qf3 Bg7 25. Ne4 Bb7 26. Nb5 Qb6 27. Nbd6 Ba8 28.
Nxe8 Rxe8 29. Qg3 f5 30. Nc5 e4 31. Bc1 Nh5 32. Qh4 h6 33. Nxe4 fxe4 34. Bxe4
Kh7 35. Bxd5 Rxe1+ 36. Rxe1 Bxd5 37. Qe7 Nf6 38. Be3 Qc6 39. Bd4 a6 40. Qa7 1-0

[Event "Elit(Solna-Farsta)"]
[Site "?"]
[Date "2011.02.26"]
[Round "8"]
[White "Jonsson, Mikael"]
[Black "von Bahr, Oskar"]
[Result "1-0"]
[WhiteElo "2342"]
[BlackElo "2359"]
[PlyCount "68"]

1. d4 Nf6 2. c4 g6 3. Nc3 d5 4. cxd5 Nxd5 5. e4 Nxc3 6. bxc3 Bg7 7. Be3 c5 8.
Rc1 Qa5 9. Qd2 O-O 10. Nf3 Nd7 11. d5 Nf6 12. c4 Qxd2+ 13. Nxd2 b6 14. f3 Nd7
15. Be2 f5 16. exf5 gxf5 17. O-O Ne5 18. Bg5 h6 19. Bxe7 Re8 20. d6 Ng6 21. f4
Nxe7 22. Bf3 Rb8 23. Rfe1 Bd7 24. dxe7 Bf6 25. Bd5+ Kg7 26. Nf3 Rxe7 27. Rxe7+
Bxe7 28. Ne5 Be8 29. Rc3 Rd8 30. Ra3 a5 31. Rg3+ Kf6 32. Bc6 Rd1+ 33. Kf2 Bf7
34. Bd5 Be8 1-0

[Event "Elit(Solna-Farsta)"]
[Site "?"]
[Date "2011.02.26"]
[Round "8"]
[White "Svensk, Ingemar"]
[Black "Johansson, Gunnar"]
[Result "1/2-1/2"]
[WhiteElo "2267"]
[BlackElo "2269"]
[PlyCount "55"]

1. e4 c5 2. Nf3 Nc6 3. d4 cxd4 4. Nxd4 e6 5. Nc3 Qc7 6. g3 a6 7. Bg2 d6 8. O-O
Bd7 9. Nxc6 Bxc6 10. Re1 Be7 11. a4 Nf6 12. Be3 O-O 13. a5 Nd7 14. Na4 Rae8 15.
Nb6 f5 16. Nxd7 Qxd7 17. Qd3 fxe4 18. Bxe4 Bxe4 19. Qxe4 Bf6 20. Red1 Rc8 21.
c4 Rc6 22. Ra2 d5 23. cxd5 Rd6 24. Qa4 Rd8 25. Qxd7 R8xd7 26. b4 Rxd5 27. Rxd5
exd5 28. Bc5 1/2-1/2

[Event "Elit(Solna-Farsta)"]
[Site "?"]
[Date "2011.02.26"]
[Round "8"]
[White "Bjarnehag, Peter"]
[Black "Jaderberg, Bjorn"]
[Result "1/2-1/2"]
[WhiteElo "2209"]
[BlackElo "2213"]
[PlyCount "44"]

1. Nf3 Nf6 2. c4 e6 3. g3 b6 4. Bg2 Bb7 5. O-O Be7 6. b3 O-O 7. Bb2 c5 8. Nc3
d6 9. d4 Nbd7 10. d5 exd5 11. Ne1 Rb8 12. Nxd5 Nxd5 13. Bxd5 Nf6 14. Bxb7 Rxb7
15. Qd3 d5 16. cxd5 Qxd5 17. Rd1 Qe6 18. Ng2 Rd7 19. Qe3 Qxe3 20. Nxe3 Rfd8 21.
Rxd7 Rxd7 22. Rd1 Rxd1+ 1/2-1/2

[Event "Elit(Solna-Farsta)"]
[Site "?"]
[Date "2011.02.26"]
[Round "8"]
[White "Engstrom, Stefan"]
[Black "Steneskog, Per"]
[Result "1/2-1/2"]
[WhiteElo "2110"]
[BlackElo "2213"]
[PlyCount "43"]

1. d4 d5 2. Nf3 Nf6 3. e3 c5 4. Bd3 Nc6 5. b3 Bg4 6. Bb2 cxd4 7. exd4 e6 8. O-O
Bd6 9. a3 Ne4 10. h3 Bh5 11. Re1 Ng5 12. Be2 Bxf3 13. Bxf3 Nxf3+ 14. Qxf3 O-O
15. c4 Be7 16. c5 Bf6 17. Qd3 a5 18. Nd2 b6 19. Rab1 Qe7 20. Rec1 Rfc8 21. Nf3
Rab8 22. Bc3 1/2-1/2

[Event "Elit(Solna-Farsta)"]
[Site "?"]
[Date "2011.02.26"]
[Round "8"]
[White "Landgren, Andreas"]
[Black "Wieweg, Johnny"]
[Result "1/2-1/2"]
[WhiteElo "2254"]
[BlackElo "2204"]
[PlyCount "127"]

1. d4 Nf6 2. c4 g6 3. Nc3 Bg7 4. e4 d6 5. Nf3 O-O 6. Be2 e5 7. O-O Nc6 8. d5
Ne7 9. Ne1 Nd7 10. Be3 f5 11. f3 f4 12. Bf2 g5 13. Rc1 Ng6 14. c5 Nxc5 15. b4
Na6 16. Nb5 Rf7 17. Nxa7 Bd7 18. Bxa6 bxa6 19. Qc2 Bb5 20. Nxb5 axb5 21. Qe2 h5
22. Qxb5 Rxa2 23. Nc2 g4 24. Qc4 Ra8 25. Ra1 Rxa1 26. Rxa1 Kh7 27. Ne1 Bh6 28.
Kh1 Rg7 29. Qc6 Bg5 30. Ra8 Qf6 31. Ra7 g3 32. Bg1 gxh2 33. Bxh2 Bh4 34. Nd3
Qe7 35. Kg1 Bg3 36. Nf2 Bxh2+ 37. Kxh2 Nh4 38. Nh3 Rxg2+ 39. Kh1 Rg7 40. b5 Ng6
41. Qc4 Qh4 42. Qf1 Qg3 43. Ra2 Nh4 44. Ng1 Kh6 45. Rc2 Rg8 46. Ra2 Rb8 47. Qe2
Kg6 48. Qf1 Kf6 49. Qe2 Rg8 50. Qf1 Rg5 51. Rf2 Rg7 52. Ne2 Qg5 53. Qh3 Kf7 54.
Qe6+ Kf8 55. Qc8+ Kf7 56. Qxc7+ Kg8 57. Qc8+ Kh7 58. Qh3 Ra7 59. Rf1 Ra2 60.
Rg1 Qd8 61. Qe6 Qf8 62. Qd7+ Kh8 63. Qh3 Qf6 64. Qc8+ 1/2-1/2

[Event "Elit(Team Viking-Rockaden)"]
[Site "?"]
[Date "2011.02.26"]
[Round "8"]
[White "Cmilyte, Viktorija"]
[Black "Kotronias, Vassilios"]
[Result "0-1"]
[WhiteElo "2576"]
[BlackElo "2685"]
[PlyCount "110"]
[SourceDate "2011.03.03"]

1. d4 d6 2. g3 Nf6 3. Bg2 c5 4. dxc5 Qa5+ 5. Nc3 Qxc5 6. Nf3 g6 7. Be3 Qa5 8.
Qd3 Nc6 9. Qb5 Qc7 10. Bg5 Nd7 11. Nd5 Qd8 12. c3 h6 13. Nd4 Ndb8 14. Be3 Bg7
15. Nb4 Qd7 16. O-O Nxd4 17. Qxd7+ Kxd7 18. Bxd4 Bxd4 19. cxd4 Nc6 20. Nc2 Kd8
21. d5 Ne5 22. f4 Nd7 23. Nd4 Nc5 24. b4 Na6 25. a3 Bd7 26. e4 Rc8 27. Rfc1 g5
28. Rxc8+ Kxc8 29. Rf1 gxf4 30. Rxf4 Rh7 31. Nf5 Kd8 32. Rg4 Rh8 33. Rg7 Bxf5
34. exf5 f6 35. Bf1 Nb8 36. Kf2 Nd7 37. Rg4 Ne5 38. Rh4 Ke8 39. b5 Kd7 40. Ra4
Rc8 41. Rxa7 Rc2+ 42. Be2 Kc7 43. Ra4 Kb6 44. Ke1 Kc5 45. Rh4 Kxd5 46. Rxh6 Ke4
47. g4 d5 48. Rh4 Kf4 49. Rh3 d4 50. Rb3 Ke4 51. Rh3 Ra2 52. Rh7 d3 53. Bd1 Ke3
54. g5 Nf3+ 55. Bxf3 Ra1+ 0-1

[Event "Elit(Team Viking-Rockaden)"]
[Site "?"]
[Date "2011.02.26"]
[Round "8"]
[White "Agrest, Evgenij"]
[Black "Blomqvist, Erik"]
[Result "1-0"]
[WhiteElo "2705"]
[BlackElo "2472"]
[PlyCount "55"]

1. d4 d5 2. c4 c6 3. Nc3 dxc4 4. e3 b5 5. a4 b4 6. Ne4 Qd5 7. Ng3 Nf6 8. Be2 a5
9. Nf3 Ba6 10. O-O Nbd7 11. Re1 e6 12. Bf1 Ne4 13. Nxe4 Qxe4 14. Nd2 Qd5 15.
Nxc4 c5 16. b3 Be7 17. Be2 Rc8 18. Bf3 Qg5 19. e4 Qg6 20. e5 h5 21. d5 Bxc4 22.
bxc4 Nb6 23. Be4 Qg4 24. f3 Qh4 25. d6 Bd8 26. Bb7 Rb8 27. Bc6+ Kf8 28. Re4 1-0

[Event "Elit(Team Viking-Rockaden)"]
[Site "?"]
[Date "2011.02.26"]
[Round "8"]
[White "Karlsson, Lars"]
[Black "Ivanov, Sergej"]
[Result "0-1"]
[WhiteElo "2563"]
[BlackElo "2611"]
[PlyCount "92"]

1. b3 d5 2. Bb2 Nf6 3. e3 e6 4. f4 Be7 5. Nf3 O-O 6. Be2 c5 7. O-O Nc6 8. Bb5
Bd7 9. a4 a6 10. Bxc6 Bxc6 11. Ne5 Be8 12. a5 Rc8 13. d3 Nd7 14. Nd2 f6 15.
Nxd7 Qxd7 16. e4 Bg6 17. Qe2 Bd6 18. h4 h5 19. Qf3 Bc7 20. Rf2 Qc6 21. Ra4 c4
22. exd5 exd5 23. dxc4 b5 24. cxb5 Qxb5 25. f5 Bf7 26. g4 Bxa5 27. g5 fxg5 28.
hxg5 Rxc2 29. Nf1 Bb6 30. Bd4 Qxa4 31. bxa4 Bxd4 32. Ne3 Rc3 33. g6 Bxe3 34.
gxf7+ Rxf7 35. Kg2 Bd4 36. Qxd5 Bxf2 37. Kxf2 Rc8 38. Kg3 Rcf8 39. Qe6 a5 40.
Qd5 Kh7 41. Qxa5 Rxf5 42. Qc7 Rg5+ 43. Kh4 Rgf5 44. Qc2 Kh6 45. Qd2+ g5+ 46.
Kh3 Rf2 0-1

[Event "Elit(Team Viking-Rockaden)"]
[Site "?"]
[Date "2011.02.26"]
[Round "8"]
[White "Semcesen, Daniel"]
[Black "Engqvist, Thomas"]
[Result "1-0"]
[WhiteElo "2509"]
[BlackElo "2454"]
[PlyCount "85"]

1. d4 Nf6 2. c4 e6 3. Nc3 Bb4 4. Qc2 O-O 5. e4 c5 6. e5 cxd4 7. a3 Qa5 8. axb4
Qxa1 9. exf6 dxc3 10. fxg7 Rd8 11. bxc3 d5 12. Nf3 Nc6 13. Bd3 d4 14. Bxh7+
Kxg7 15. O-O Qxc3 16. Qe4 Ne7 17. Qh4 f6 18. Bh6+ Kxh7 19. Bd2+ Kg7 20. Qh6+
Kf7 21. Qh7+ Kf8 22. Bxc3 dxc3 23. Qc2 b5 24. Qxc3 Kf7 25. cxb5 Bb7 26. Re1
Rab8 27. Nd4 Bd5 28. f4 Rdc8 29. Qe3 Rb6 30. Rc1 Rg8 31. g3 Rb7 32. Rc5 Rc8 33.
Qd3 Rh8 34. f5 e5 35. Nc6 Bxc6 36. bxc6 Rxb4 37. Rc2 Rd4 38. Qb3+ Kg7 39. c7
Rd1+ 40. Kg2 Nc8 41. h4 Re8 42. Qa4 Rf8 43. Qg4+ 1-0

[Event "Elit(Team Viking-Rockaden)"]
[Site "?"]
[Date "2011.02.26"]
[Round "8"]
[White "Barkhagen, Jonas"]
[Black "Volodin, Aleksandr"]
[Result "0-1"]
[WhiteElo "2518"]
[BlackElo "2535"]
[PlyCount "68"]

1. d4 Nf6 2. c4 c5 3. d5 b5 4. cxb5 a6 5. bxa6 d6 6. Nc3 Bxa6 7. e4 Bxf1 8.
Kxf1 g6 9. g3 Bg7 10. Kg2 O-O 11. Nf3 Nbd7 12. Re1 Ng4 13. Bf4 Qa5 14. Rc1 Nge5
15. Nxe5 Nxe5 16. Bxe5 Bxe5 17. Re2 Rfb8 18. Qd3 Rb4 19. b3 Rd4 20. Qc2 Qa6 21.
Nd1 Rd3 22. Rb1 Bd4 23. Nb2 Rc3 24. Qd1 f5 25. Na4 Rd3 26. Qc2 Rf8 27. f4 g5
28. Rf1 fxe4 29. Rxe4 Be3 30. Rd1 Rxd1 31. Qxd1 gxf4 32. gxf4 Bxf4 33. Rxe7 Be5
34. Nxc5 Qxa2+ 0-1

[Event "Elit(Team Viking-Rockaden)"]
[Site "?"]
[Date "2011.02.26"]
[Round "8"]
[White "Lindberg, Bo"]
[Black "Hedman, Erik"]
[Result "1-0"]
[WhiteElo "2449"]
[BlackElo "2413"]
[PlyCount "91"]

1. d4 Nf6 2. Bg5 Ne4 3. Bf4 c5 4. f3 Qa5+ 5. c3 Nf6 6. d5 Qb6 7. b3 e6 8. e4
exd5 9. exd5 Bd6 10. Bg5 Be7 11. Bc4 O-O 12. Ne2 d6 13. O-O Qd8 14. Ng3 Nxd5
15. Qxd5 Bxg5 16. Ne4 Be7 17. Rd1 Nd7 18. Na3 Qa5 19. Nc2 Nb6 20. Qd2 Nxc4 21.
bxc4 Bf5 22. Ng3 Bg6 23. f4 h5 24. Ne3 Rfe8 25. Nd5 h4 26. f5 hxg3 27. fxg6
fxg6 28. Qd3 Bg5 29. Qxg6 Be3+ 30. Kh1 Qd8 31. Qxg3 Bh6 32. Re1 Qg5 33. Qxd6
Qd2 34. Rf1 Rf8 35. Qe6+ Kh7 36. Qe4+ Kh8 37. Ne7 Rfe8 38. Rae1 Qxc3 39. Ng6+
Kg8 40. Qd5+ Kh7 41. Rxe8 Rxe8 42. Qf5 Qf6 43. Nf8+ Kg8 44. Qh7+ Kf7 45. Rxf6+
Kxf6 46. Nd7+ 1-0

[Event "Elit(Team Viking-Rockaden)"]
[Site "?"]
[Date "2011.02.26"]
[Round "8"]
[White "Bator, Robert"]
[Black "Degerman, Lars"]
[Result "1/2-1/2"]
[WhiteElo "2466"]
[BlackElo "2453"]
[PlyCount "27"]

1. d4 d5 2. Nf3 Nf6 3. c4 dxc4 4. e3 e6 5. Bxc4 c5 6. O-O a6 7. Bb3 Nc6 8. Nc3
b5 9. a4 b4 10. Ne2 Bb7 11. Bd2 cxd4 12. Nexd4 Nxd4 13. Nxd4 Bd6 14. Qe2
1/2-1/2

[Event "Elit(Team Viking-Rockaden)"]
[Site "?"]
[Date "2011.02.26"]
[Round "8"]
[White "Cramling, Dan"]
[Black "Henriksson, Jakob"]
[Result "1/2-1/2"]
[WhiteElo "2413"]
[BlackElo "2333"]
[PlyCount "85"]

1. d4 Nf6 2. c4 e6 3. Nc3 Bb4 4. f3 c5 5. a3 Bxc3+ 6. bxc3 O-O 7. e4 d6 8. Bd3
Nc6 9. Ne2 Nd7 10. O-O b6 11. f4 f5 12. d5 exd5 13. exf5 Ne7 14. cxd5 Nf6 15.
c4 Bxf5 16. Bb2 Qd7 17. Ng3 Bxd3 18. Qxd3 Rab8 19. Rae1 Rf7 20. Bxf6 Rxf6 21.
f5 Rbf8 22. Re6 a6 23. h3 b5 24. Kh2 bxc4 25. Qxc4 Nxf5 26. Nxf5 Rxf5 27. Rxf5
Rxf5 28. Qxa6 Rf6 29. Qe2 h6 30. Qe4 Kf7 31. Rxf6+ Kxf6 32. Qf4+ Ke7 33. a4 g5
34. Qe4+ Kd8 35. a5 Qf7 36. a6 Kc7 37. Qb1 Qf4+ 38. Kh1 Qb4 39. Qh7+ Kb8 40.
Qxh6 Qe1+ 41. Kh2 Qe5+ 42. Kh1 Qe1+ 43. Kh2 1/2-1/2

[Event "Elit(Vasteras-Upsala)"]
[Site "?"]
[Date "2011.02.26"]
[Round "8"]
[White "Lundvik, Jonas"]
[Black "Akesson, Ralf"]
[Result "0-1"]
[WhiteElo "2332"]
[BlackElo "2448"]
[PlyCount "88"]
[SourceDate "2011.03.04"]

1. d4 Nf6 2. Nf3 e6 3. g3 c5 4. Bg2 cxd4 5. O-O a6 6. Nxd4 Qc7 7. Nc3 Be7 8. e4
d6 9. Be3 Nc6 10. Nxc6 bxc6 11. e5 dxe5 12. Na4 Rb8 13. c4 c5 14. Qe2 Bb7 15.
Bxb7 Rxb7 16. Rad1 O-O 17. b3 Qc6 18. Bg5 h6 19. Bxf6 Bxf6 20. Nc3 Rbb8 21. Rd3
Rbd8 22. Rfd1 Rd4 23. Qe3 Rfd8 24. Ne2 Rxd3 25. Rxd3 Rxd3 26. Qxd3 e4 27. Qd1
Be5 28. g4 f5 29. gxf5 exf5 30. Qd2 Qd6 31. Qe3 Bxh2+ 32. Kg2 Be5 33. f3 Qd3
34. Qf2 exf3+ 35. Qxf3 Qxf3+ 36. Kxf3 Kf7 37. Nc1 Bd6 38. Nd3 a5 39. a3 Ke6 40.
b4 axb4 41. axb4 cxb4 42. c5 Be7 43. Nxb4 Bxc5 44. Nd3 Bd6 0-1

[Event "Elit(Vasteras-Upsala)"]
[Site "?"]
[Date "2011.02.26"]
[Round "8"]
[White "Eriksson, Johan"]
[Black "Johansson, Jan"]
[Result "1-0"]
[WhiteElo "2447"]
[BlackElo "2417"]
[PlyCount "85"]

1. d4 Nf6 2. c4 e6 3. Nc3 Bb4 4. Qc2 O-O 5. a3 Bxc3+ 6. Qxc3 d5 7. Nf3 dxc4 8.
Qxc4 b6 9. Bg5 Ba6 10. Qa4 Qd5 11. Bxf6 gxf6 12. Rc1 Qa2 13. Qc2 Nd7 14. e3
Bxf1 15. Kxf1 Qd5 16. Qc6 Qxc6 17. Rxc6 Rac8 18. Ke2 Nb8 19. Rc2 c6 20. Rhc1
Rcd8 21. b4 Rd5 22. e4 Rd7 23. Ke3 Rfd8 24. a4 a6 25. Rb1 Kf8 26. g4 Ke7 27. h3
h6 28. Ra1 Rb7 29. Rac1 Rbd7 30. Rc3 Ke8 31. h4 Ke7 32. Rg1 Rh8 33. g5 hxg5 34.
hxg5 fxg5 35. Rxg5 Rdd8 36. Ne5 Rh1 37. Rg7 Re1+ 38. Kf4 Rxd4 39. f3 Nd7 40.
Rxf7+ Ke8 41. Rh7 c5 42. bxc5 Nxc5 43. a5 1-0

[Event "Elit(Vasteras-Upsala)"]
[Site "?"]
[Date "2011.02.26"]
[Round "8"]
[White "Glimbrant, Torbjorn"]
[Black "Eriksson, Anders"]
[Result "1/2-1/2"]
[WhiteElo "2318"]
[BlackElo "2305"]
[PlyCount "118"]

1. c4 Nf6 2. Nf3 c5 3. Nc3 e6 4. d4 cxd4 5. Nxd4 Bb4 6. Qc2 Nc6 7. Nxc6 bxc6 8.
e3 O-O 9. Be2 d5 10. O-O Bd6 11. Rd1 Qc7 12. g3 Bb7 13. Bf3 Ba6 14. cxd5 cxd5
15. Qa4 Qb6 16. b3 Rfc8 17. Bb2 Bb4 18. Rac1 Rab8 19. Be2 Bxe2 20. Nxe2 Ne4 21.
Rxc8+ Rxc8 22. Bd4 Nc5 23. Bxc5 Bxc5 24. Rc1 Rb8 25. Qf4 Bd6 26. Qd4 g6 27. Qf6
Bf8 28. h4 Qd8 29. Qxd8 Rxd8 30. Nd4 Rd7 31. Rc8 Kg7 32. Kf1 h5 33. Ke2 Rb7 34.
Nc6 Bd6 35. Kd3 Kf6 36. Ra8 Bc5 37. b4 Bxb4 38. Rxa7 Rb6 39. Nxb4 Rxb4 40. Rc7
Ra4 41. Rc2 Kf5 42. Kc3 e5 43. Kb3 Ra7 44. a4 Ke4 45. Ra2 Kd3 46. Kb4 d4 47.
exd4 exd4 48. a5 Rb7+ 49. Kc5 Rc7+ 50. Kb6 Rc8 51. a6 Kc3 52. Ra1 Kc2 53. a7 d3
54. a8=Q Rxa8 55. Rxa8 d2 56. Rc8+ Kd3 57. Rd8+ Ke2 58. Re8+ Kxf2 59. Rd8 Ke2
1/2-1/2

[Event "Elit(Vasteras-Upsala)"]
[Site "?"]
[Date "2011.02.26"]
[Round "8"]
[White "Norberg, Johan"]
[Black "Andersson, Fredrik"]
[Result "1/2-1/2"]
[WhiteElo "2370"]
[BlackElo "2375"]
[PlyCount "40"]

1. e4 c5 2. Nf3 Nc6 3. d4 cxd4 4. Nxd4 Nf6 5. Nc3 e5 6. Ndb5 d6 7. Bg5 a6 8.
Na3 b5 9. Bxf6 gxf6 10. Nd5 f5 11. c3 Bg7 12. exf5 Bxf5 13. Nc2 O-O 14. Nce3
Be6 15. a4 b4 16. Bd3 f5 17. Bc2 bxc3 18. bxc3 Rb8 19. O-O Ne7 20. c4 Nc6
1/2-1/2

[Event "Elit(Vasteras-Upsala)"]
[Site "?"]
[Date "2011.02.26"]
[Round "8"]
[White "Marttala, Thomas"]
[Black "Nilsson, Andre"]
[Result "0-1"]
[WhiteElo "2291"]
[BlackElo "2302"]
[PlyCount "70"]

1. Nf3 g6 2. e4 Bg7 3. Nc3 d6 4. Be2 Nf6 5. d4 O-O 6. O-O c6 7. h3 Nbd7 8. a4
e5 9. Be3 Qe7 10. dxe5 dxe5 11. Nd2 Nc5 12. a5 Rd8 13. Qc1 Ne6 14. Rd1 Nd4 15.
Bf1 Be6 16. Bc4 Nh5 17. Bxe6 Qxe6 18. Nf1 Rd7 19. Rd2 Rad8 20. Qd1 Nf4 21. Ng3
h5 22. Ra4 Qf6 23. Kh1 Qe6 24. Qf1 h4 25. Bxf4 exf4 26. Nge2 f3 27. Nxd4 Bxd4
28. gxf3 Bxc3 29. Rxd7 Rxd7 30. bxc3 Qf6 31. Qe2 Qxc3 32. Rc4 Qa1+ 33. Kg2 Rd1
34. f4 Rh1 35. Kf3 Qa3+ 0-1

[Event "Elit(Vasteras-Upsala)"]
[Site "?"]
[Date "2011.02.26"]
[Round "8"]
[White "Janse, Rasmus"]
[Black "Lindberg, Henrik"]
[Result "1/2-1/2"]
[WhiteElo "2276"]
[BlackElo "2212"]
[PlyCount "128"]

1. d4 Nf6 2. c4 e6 3. Nc3 Bb4 4. e3 c5 5. Bd3 O-O 6. Nge2 d5 7. a3 dxc4 8. Bxc4
cxd4 9. axb4 dxc3 10. bxc3 Qxd1+ 11. Kxd1 Ng4 12. Ke1 Ne5 13. Bb5 Bd7 14. Nd4
Rc8 15. Bd2 Nc4 16. e4 e5 17. Bxd7 Nxd7 18. Nb3 b6 19. Ra6 Nd6 20. f3 Nb5 21.
Ke2 Nxc3+ 22. Bxc3 Rxc3 23. Rd1 Nf8 24. Nd2 Ne6 25. Rda1 Rd8 26. Kd1 Rcd3 27.
R1a2 Nd4 28. R6a3 Rxa3 29. Rxa3 Nb5 30. Rb3 h5 31. Ke1 h4 32. g3 h3 33. f4 f6
34. Nf3 Nd4 35. Nxd4 Rxd4 36. fxe5 Rxe4+ 37. Kf2 Rxe5 38. g4 Re4 39. Kg3 g5 40.
Kxh3 Kf7 41. Ra3 Rxb4 42. Rxa7+ Ke6 43. Rb7 Rb3+ 44. Kg2 Ke5 45. Re7+ Kf4 46.
Rf7 Ke5 47. Re7+ Kd6 48. Rf7 Ke6 49. Rb7 Rb2+ 50. Kg3 Rb3+ 51. Kg2 f5 52. gxf5+
Kxf5 53. h3 Rb2+ 54. Kg3 Rb3+ 55. Kg2 Rb5 56. Kg3 Ke5 57. Kg4 Kf6 58. Rb8 Rb4+
59. Kg3 Rb1 60. Kg4 Rb4+ 61. Kg3 b5 62. Rb7 Rb1 63. Kg4 Rb4+ 64. Kg3 Rb3+
1/2-1/2

[Event "Elit(Vasteras-Upsala)"]
[Site "?"]
[Date "2011.02.26"]
[Round "8"]
[White "Johansson, Carl-Fredrik"]
[Black "Sandberg, Richard"]
[Result "1-0"]
[WhiteElo "2235"]
[BlackElo "2246"]
[PlyCount "69"]
[EventDate "2011.??.??"]

1. d4 d6 2. c4 g6 3. e4 Nf6 4. Nc3 Bg7 5. f4 O-O 6. Nf3 c5 7. d5 e6 8. Be2 exd5
9. cxd5 Re8 10. e5 dxe5 11. fxe5 Ng4 12. e6 Ne5 13. O-O Nxf3+ 14. Bxf3 fxe6 15.
Be3 exd5 16. Bxd5+ Kh8 17. Bf7 Bg4 18. Qxg4 Rxe3 19. Nd5 Re5 20. Rad1 Nc6 21.
Nf6 Qc8 22. Qh4 h6 23. Bxg6 Rg5 24. Qe4 Bxf6 25. Rxf6 Qg4 26. Qxg4 Rxg4 27. Rd7
Ne5 28. Rh7+ Kg8 29. Bf5 Rg7 30. Rhxh6 Rd8 31. Be6+ Nf7 32. Rxf7 Rxf7 33. Rf6
Rd1+ 34. Kf2 Rd6 35. Bxf7+ 1-0

[Event "Elit(Vasteras-Upsala)"]
[Site "?"]
[Date "2011.02.26"]
[Round "8"]
[White "Norberg, Erik"]
[Black "Jansson, Borje"]
[Result "1-0"]
[WhiteElo "2243"]
[BlackElo "2285"]
[PlyCount "91"]

1. g3 Nf6 2. Bg2 g6 3. c4 Bg7 4. Nc3 O-O 5. e4 d6 6. Nge2 c5 7. O-O Nc6 8. Rb1
Bg4 9. h3 Bd7 10. a3 Qc8 11. Kh2 Nd4 12. d3 Bc6 13. b4 b6 14. Be3 Nxe2 15. Nxe2
e6 16. Qd2 Re8 17. f4 Qc7 18. Rfc1 Rad8 19. Bf2 Qc8 20. Qc2 Qa8 21. Nc3 h5 22.
Re1 Bh6 23. d4 cxd4 24. Bxd4 e5 25. fxe5 dxe5 26. Be3 Bxe3 27. Rxe3 Rd4 28. Rf1
Nh7 29. Nd5 Qd8 30. Rd3 Rxd3 31. Qxd3 Kg7 32. Qc3 f6 33. Rd1 Qc8 34. c5 bxc5
35. Qxc5 Bxd5 36. exd5 Qd7 37. Rc1 Rd8 38. Qa5 Qe7 39. Rc6 Ng5 40. Qc5 Rd7 41.
d6 Qe6 42. Rc7 Kh6 43. Rxd7 Qxd7 44. Qc7 Qf5 45. d7 Qf2 46. Qc1 1-0

[Event "Elit(Orgryte-Kamraterna)"]
[Site "?"]
[Date "2011.02.26"]
[Round "8"]
[White "Aberg, Anton"]
[Black "Frisk Kockum, Anton"]
[Result "0-1"]
[WhiteElo "2441"]
[BlackElo "2412"]
[PlyCount "78"]
[SourceDate "2011.03.07"]

1. c4 c5 2. Nc3 g6 3. g3 Bg7 4. Bg2 Nc6 5. e3 Nh6 6. Nge2 Nf5 7. Rb1 O-O 8. a3
a5 9. b3 d6 10. Bb2 h5 11. h3 e5 12. Nd5 Nfe7 13. Nec3 Nxd5 14. Nxd5 Ne7 15.
Bc3 Bf5 16. d3 Nxd5 17. Bxd5 Qd7 18. Bg2 Ra7 19. a4 b6 20. Qd2 Be6 21. Qb2 f5
22. f4 h4 23. gxh4 Qd8 24. fxe5 dxe5 25. Ke2 e4 26. Bxg7 exd3+ 27. Kd2 Rxg7 28.
Qe5 Re8 29. Qg3 Bf7 30. Rhf1 b5 31. cxb5 c4 32. bxc4 Qe7 33. b6 Qa3 34. b7 Qa2+
35. Kxd3 Qxc4+ 36. Kd2 Rd8+ 37. Ke1 Qc2 38. Bd5 Qxb1+ 39. Kf2 Qb2+ 0-1

[Event "Elit(Orgryte-Kamraterna)"]
[Site "?"]
[Date "2011.02.26"]
[Round "8"]
[White "Arnelind, Mikael"]
[Black "Svensson, Bengt"]
[Result "1/2-1/2"]
[WhiteElo "2215"]
[BlackElo "2479"]
[PlyCount "53"]

1. d4 d5 2. Nf3 Nf6 3. c4 dxc4 4. e3 e6 5. Bxc4 c5 6. Qe2 cxd4 7. exd4 Nc6 8.
O-O Be7 9. Rd1 O-O 10. Nc3 Na5 11. Bd3 b6 12. Bg5 Bb7 13. Rac1 Rc8 14. Ne5 Nc6
15. Bb1 Nb4 16. h4 g6 17. Re1 Nbd5 18. Bh6 Nxc3 19. bxc3 Qd5 20. Nf3 Rfe8 21.
Bd3 Bf8 22. Bxf8 Rxf8 23. Qd2 Qd8 24. Ng5 Qd5 25. Nf3 Qd8 26. Ng5 Qd5 27. Nf3
1/2-1/2

[Event "Elit(Orgryte-Kamraterna)"]
[Site "?"]
[Date "2011.02.26"]
[Round "8"]
[White "Akbarinia, Arash"]
[Black "Ziegler, Ari"]
[Result "1-0"]
[WhiteElo "2326"]
[BlackElo "2398"]
[PlyCount "61"]

1. d4 Nf6 2. Nf3 g6 3. c4 Bg7 4. g3 O-O 5. Bg2 d6 6. O-O Nc6 7. h3 a6 8. Be3 e5
9. Nc3 exd4 10. Nxd4 Ne5 11. b3 c5 12. Nc2 Rb8 13. Qd2 Bf5 14. g4 Bxc2 15. Qxc2
Nfxg4 16. hxg4 Nxg4 17. Bf4 Bd4 18. e3 Be5 19. Bxe5 dxe5 20. Rfd1 Qh4 21. Nd5
e4 22. Bxe4 Rbe8 23. Bg2 Re5 24. f3 Qh2+ 25. Kf1 Rxe3 26. Rd2 f5 27. fxg4 fxg4+
28. Rf2 Ref3 29. Ne7+ Kg7 30. Bxf3 Rxf3 31. Qc3+ 1-0

[Event "Elit(Orgryte-Kamraterna)"]
[Site "?"]
[Date "2011.02.26"]
[Round "8"]
[White "Eksmyr, Johan"]
[Black "Svenn, Gosta"]
[Result "1/2-1/2"]
[WhiteElo "2179"]
[BlackElo "2349"]
[PlyCount "97"]

1. d4 Nf6 2. Nf3 g6 3. Bf4 Bg7 4. e3 O-O 5. Be2 d6 6. h3 Nbd7 7. O-O b6 8. a4
a5 9. Nbd2 Bb7 10. Bh2 h6 11. c3 Nh7 12. Nc4 e6 13. Nfd2 Ng5 14. f4 Ne4 15.
Nxe4 Bxe4 16. Nd2 Bb7 17. Bf3 Bxf3 18. Qxf3 d5 19. e4 dxe4 20. Nxe4 Nf6 21.
Rae1 Nxe4 22. Qxe4 Qd7 23. g4 Rae8 24. Qb7 f5 25. Qg2 Kh7 26. Qc2 Qd5 27. Bg3
Rd8 28. Qe2 Rd6 29. Rf3 Qc6 30. Re3 Re8 31. gxf5 gxf5 32. Qh5 Rf8 33. Bh4 Qe8
34. Qe2 Bf6 35. Bxf6 Rxf6 36. Kh2 Rg6 37. b3 Qg8 38. Qf2 Rd7 39. Rg1 Rxg1 40.
Qxg1 Rg7 41. Qf2 Qf7 42. Rg3 Qh5 43. Qe1 Rxg3 44. Kxg3 Qe8 45. c4 Qc6 46. Qe5
Kg6 47. d5 exd5 48. cxd5 Qc2 49. Qe6+ 1/2-1/2